الرحلات إلى شبة الجزيرة العربية : (Record no. 8968)

MARC details
000 -LEADER
fixed length control field 00797nam a22001817a 4500
005 - DATE AND TIME OF LATEST TRANSACTION
control field 20260609090419.0
008 - FIXED-LENGTH DATA ELEMENTS--GENERAL INFORMATION
fixed length control field 260609b |||||||| |||| 00| 0 eng d
020 ## - INTERNATIONAL STANDARD BOOK NUMBER
International Standard Book Number 9960880044
040 ## - CATALOGING SOURCE
Transcribing agency .
082 ## - DEWEY DECIMAL CLASSIFICATION NUMBER
Classification number 915, 300104 D663 2003
100 ## - MAIN ENTRY--PERSONAL NAME
Personal name دارة الملك عبدالعزيز
245 ## - TITLE STATEMENT
Title الرحلات إلى شبة الجزيرة العربية :
Remainder of title بحوث ندوة الرحلات الى شبة الجزية العربية المنعقدة في الرياض في المدة من 24 - 27 رجب 1421
Statement of responsibility, etc. دارة الملك عبدالعزيز
250 ## - EDITION STATEMENT
Edition statement 1 ط
260 ## - PUBLICATION, DISTRIBUTION, ETC.
Name of publisher, distributor, etc. السعودية , الرياض , دارة الملك عبدالعزيز , 2003
300 ## - PHYSICAL DESCRIPTION
Extent 602 ص
Dimensions 25 سم
650 ## - SUBJECT ADDED ENTRY--TOPICAL TERM
Geographic subdivision الجزيرة العربية - وصف الرحلات
942 ## - ADDED ENTRY ELEMENTS (KOHA)
Source of classification or shelving scheme Dewey Decimal Classification
Koha item type Arabic Book
Suppress in OPAC No
Holdings
Withdrawn status Lost status Source of classification or shelving scheme Damaged status Not for loan Home library Current library Date acquired Total Checkouts Full call number Barcode Date last seen Copy number Price effective from Koha item type
    Dewey Decimal Classification     CENTRAL CENTRAL 06/09/2026   915 , 300104 D663 2003 1000000018122 06/09/2026 C1 06/09/2026 Arabic Book
    Dewey Decimal Classification     CENTRAL CENTRAL 06/09/2026   915 , 300104 D663 2003 1000000018121 06/09/2026 C1 06/09/2026 Arabic Book